The longest August : (Record no. 3935)
[ view plain ]
| 000 -LEADER | |
|---|---|
| fixed length control field | 01965cam a2200349 i 4500 |
| 001 - CONTROL NUMBER | |
| control field | 18395510 |
| 003 - CONTROL NUMBER IDENTIFIER | |
| control field | Nust |
| 005 - DATE AND TIME OF LATEST TRANSACTION | |
| control field | 20170105101616.0 |
| 008 - FIXED-LENGTH DATA ELEMENTS--GENERAL INFORMATION | |
| fixed length control field | 141204s2014 nyub b 001 0 eng |
| 010 ## - LIBRARY OF CONGRESS CONTROL NUMBER | |
| LC control number | 2014045994 |
| 020 ## - INTERNATIONAL STANDARD BOOK NUMBER | |
| International Standard Book Number | 9781568587349 (hardcover) |
| 020 ## - INTERNATIONAL STANDARD BOOK NUMBER | |
| Canceled/invalid ISBN | 9781568585031 (e-book) |
| 040 ## - CATALOGING SOURCE | |
| Original cataloging agency | DLC |
| Language of cataloging | eng |
| Transcribing agency | DLC |
| Description conventions | rda |
| Modifying agency | DLC |
| 042 ## - AUTHENTICATION CODE | |
| Authentication code | pcc |
| 043 ## - GEOGRAPHIC AREA CODE | |
| Geographic area code | a-ii--- |
| -- | a-pk--- |
| 050 00 - LIBRARY OF CONGRESS CALL NUMBER | |
| Classification number | DS450.P18 |
| Item number | H57 2014 |
| 082 00 - DEWEY DECIMAL CLASSIFICATION NUMBER | |
| Classification number | 327.5405491 |
| Edition number | 23 |
| Author Mark | HIR |
| 100 1# - MAIN ENTRY--PERSONAL NAME | |
| Personal name | Hiro, Dilip. |
| 245 14 - TITLE STATEMENT | |
| Title | The longest August : |
| Remainder of title | the unflinching rivalry between India and Pakistan / |
| Statement of responsibility, etc. | Dilip Hiro. |
| 264 #1 - PRODUCTION, PUBLICATION, DISTRIBUTION, MANUFACTURE, AND COPYRIGHT NOTICE | |
| Place of production, publication, distribution, manufacture | New York : |
| Name of producer, publisher, distributor, manufacturer | Nation Books, |
| Date of production, publication, distribution, manufacture, or copyright notice | 2014. |
| 300 ## - PHYSICAL DESCRIPTION | |
| Extent | xvii, 503 pages : |
| Other physical details | maps ; |
| Dimensions | 24 cm |
| 336 ## - CONTENT TYPE | |
| Content type term | text |
| Content type code | txt |
| Source | rdacontent |
| 337 ## - MEDIA TYPE | |
| Media type term | unmediated |
| Media type code | n |
| Source | rdamedia |
| 338 ## - CARRIER TYPE | |
| Carrier type term | volume |
| Carrier type code | nc |
| Source | rdacarrier |
| 504 ## - BIBLIOGRAPHY, ETC. NOTE | |
| Bibliography, etc. note | Includes bibliographical references (pages 471-472) and index. |
| 505 0# - FORMATTED CONTENTS NOTE | |
| Formatted contents note | The modish dresser meets the Mahatma -- Gandhi's original sin: injecting religion into politics -- The two-nation theory: a preamble to partition -- A rising tide of violence -- Born in blood -- The infant twins at war -- Growing apart -- Nehru's "forward policy": a step too far -- Shastri's tallest order: Pakistan's nightmare comes alive -- Indira Gandhi slays the two-nation theory -- Zulfikar Ali Bhutto: the savior of West Pakistan -- Islamist Zia Ul Haq, builder of the A-bomb -- Benazir-Rajiv rapport cut short -- Gate-crashing the nuclear club -- General Musharraf buckles under US pressure -- Nuclear-armed twins, eyeball-to-eyeball -- Manmohan Singh's changing interlocutors -- Competing for Kabul -- Shared culture, rising commerce -- Overview and conclusions. |
| 651 #0 - SUBJECT ADDED ENTRY--GEOGRAPHIC NAME | |
| Geographic name | India |
| General subdivision | Foreign relations |
| Geographic subdivision | Pakistan. |
| 651 #0 - SUBJECT ADDED ENTRY--GEOGRAPHIC NAME | |
| Geographic name | Pakistan |
| General subdivision | Foreign relations |
| Geographic subdivision | India. |
| 906 ## - LOCAL DATA ELEMENT F, LDF (RLIN) | |
| a | 7 |
| b | cbc |
| c | orignew |
| d | 1 |
| e | ecip |
| f | 20 |
| g | y-gencatlg |
| 942 ## - ADDED ENTRY ELEMENTS (KOHA) | |
| Source of classification or shelving scheme | |
| Koha item type | Book |
| Withdrawn status | Lost status | Source of classification or shelving scheme | Damaged status | Not for loan | Permanent Location | Current Location | Shelving location | Date acquired | Source of acquisition | Total Checkouts | Total Renewals | Full call number | Barcode | Date last seen | Date last checked out | Copy number | Price effective from | Koha item type |
|---|---|---|---|---|---|---|---|---|---|---|---|---|---|---|---|---|---|---|
| Central Library (CL) | Central Library (CL) | Book Cart | 11/25/2016 | Purchased | 6 | 4 | 327.5405491 HIR | CL771 | 08/01/2025 | 08/26/2024 | 1 | 11/25/2016 | Book |
